<?xml version="1.0" encoding="UTF-8"?>
<record
    xmlns:xsi="http://www.w3.org/2001/XMLSchema-instance"
    xsi:schemaLocation="http://www.loc.gov/MARC21/slim http://www.loc.gov/standards/marcxml/schema/MARC21slim.xsd"
    xmlns="http://www.loc.gov/MARC21/slim">

  <leader>01481cam a2200277 a 4500</leader>
  <controlfield tag="001">742593</controlfield>
  <controlfield tag="003">OSt</controlfield>
  <controlfield tag="005">20230414163219.0</controlfield>
  <controlfield tag="008">980113s1994    sp      r     00011 spa d</controlfield>
  <datafield tag="020" ind1=" " ind2=" ">
    <subfield code="a">9789504916734</subfield>
  </datafield>
  <datafield tag="040" ind1=" " ind2=" ">
    <subfield code="c">CO-MqBPB</subfield>
  </datafield>
  <datafield tag="041" ind1="1" ind2=" ">
    <subfield code="a">spa </subfield>
    <subfield code="h">eng</subfield>
  </datafield>
  <datafield tag="082" ind1="0" ind2="4">
    <subfield code="a">AN</subfield>
    <subfield code="b">CHRm</subfield>
  </datafield>
  <datafield tag="100" ind1="1" ind2=" ">
    <subfield code="a">Christie, Agatha, </subfield>
    <subfield code="d">1891-1976.</subfield>
  </datafield>
  <datafield tag="245" ind1="1" ind2="0">
    <subfield code="a">Muerte en las nubes / </subfield>
    <subfield code="c">Agatha Christie ; traducci&#xF3;n de A. Nadal.</subfield>
  </datafield>
  <datafield tag="260" ind1=" " ind2=" ">
    <subfield code="a">Espa&#xF1;a : </subfield>
    <subfield code="b">Espa&#xF1;a: Editorial Planeta DeAgostin, </subfield>
    <subfield code="c">2008.</subfield>
  </datafield>
  <datafield tag="300" ind1=" " ind2=" ">
    <subfield code="a">189 paginas ; </subfield>
    <subfield code="c">19 cm,</subfield>
    <subfield code="b">Tapa R&#xFA;stica.</subfield>
  </datafield>
  <datafield tag="500" ind1=" " ind2=" ">
    <subfield code="a">Del aeropuerto de Le Bourget despega un avi&#xF3;n con catorce personas a bordo. Poco antes de que la aeronave aterrice en su destino, fallece una de las pasajeras. Tiene una peque&#xF1;a marca en el cuello. En un principio, la causa de la muerte parece deberse a la picadura de una avispa, pero pronto se descubre que en realidad ha sido asesinada con un dardo envenenado.
&#xBF;Qui&#xE9;n ten&#xED;a motivos para desear su muerte? Y, sobre todo, &#xBF;c&#xF3;mo ha podido alguien consumar su crimen en pleno vuelo? Parece algo imposible. El detective Hercule Poirot, que era uno de los pasajeros del avi&#xF3;n, se enfrenta a un misterio aparentemente irresoluble en el que nada es lo que parece.</subfield>
  </datafield>
  <datafield tag="534" ind1=" " ind2=" ">
    <subfield code="p">T&#xFFFD;tulo original. </subfield>
    <subfield code="t">Death in the clouds.</subfield>
  </datafield>
  <datafield tag="650" ind1=" " ind2=" ">
    <subfield code="a">Novela inglesa.</subfield>
  </datafield>
  <datafield tag="650" ind1=" " ind2=" ">
    <subfield code="a">Novela polic&#xFFFD;aca inglesa.</subfield>
  </datafield>
  <datafield tag="650" ind1=" " ind2=" ">
    <subfield code="a">Muerte</subfield>
    <subfield code="v"> Novela.</subfield>
  </datafield>
  <datafield tag="700" ind1="1" ind2=" ">
    <subfield code="a">Nadal, A., </subfield>
    <subfield code="e">tradicci&#xF3;n.</subfield>
  </datafield>
  <datafield tag="942" ind1=" " ind2=" ">
    <subfield code="2">ddc</subfield>
    <subfield code="c">BKLIT</subfield>
  </datafield>
  <datafield tag="949" ind1=" " ind2=" ">
    <subfield code="a">n   </subfield>
    <subfield code="b">n</subfield>
  </datafield>
  <datafield tag="999" ind1=" " ind2=" ">
    <subfield code="c">14885</subfield>
    <subfield code="d">14885</subfield>
  </datafield>
  <datafield tag="952" ind1=" " ind2=" ">
    <subfield code="0">0</subfield>
    <subfield code="1">0</subfield>
    <subfield code="2">ddc</subfield>
    <subfield code="4">0</subfield>
    <subfield code="7">0</subfield>
    <subfield code="8">LA</subfield>
    <subfield code="a">BPMOS</subfield>
    <subfield code="b">BPMOS</subfield>
    <subfield code="c">FIC</subfield>
    <subfield code="d">2023-04-14</subfield>
    <subfield code="e">Donaci&#xF3;n</subfield>
    <subfield code="l">5</subfield>
    <subfield code="m">2</subfield>
    <subfield code="o">AN CHRm</subfield>
    <subfield code="p">MOS503117</subfield>
    <subfield code="r">2025-05-15</subfield>
    <subfield code="s">2025-03-28</subfield>
    <subfield code="t">Ej. 1</subfield>
    <subfield code="w">2023-04-14</subfield>
    <subfield code="y">BKLIT</subfield>
    <subfield code="z">Quince d&#xED;as</subfield>
  </datafield>
</record>
